000 00628nam a2200253Ia 4500
003 OSt
005 20221007070711.0
006 a|||||r|||| 00| 0
007 ta
008 221006b |||||||| |||| 00| 0 eng d
024 _a44,320
037 _cTextual
040 _aFLL
_cFLL
_beng
041 _2eng
_aeng
082 _aZ2,3, Q7.1
100 _aAslam's M.J.
_9687587
245 0 _aLaw of Contract
250 _a2nd
260 _aGurgaon
_bThomson Reuters India
_c2017
300 _a1376p.
_ccm.
490 _vVolume 1
942 _hZ2,3, Q7.1
_cTEXL
_2CC
999 _c1141282
_d1141282